000 00240nam a2200097Ia 4500
082 _aEKF WALT
245 0 _aBig fat lies
100 _a WALTON, Ann Cambridge, 2009
_963589
942 _cBK
008 210817s9999 xx 000 0 und d
999 _c201618
_d201617